A COURSE IN ENGLISH LANGUAGE AND LITERATURE (Record no. 216532)

MARC details
000 -LEADER
fixed length control field 00525nam a2200181Ia 4500
003 - CONTROL NUMBER IDENTIFIER
control field OSt
005 - DATE AND TIME OF LATEST TRANSACTION
control field 20260204102242.0
020 ## - INTERNATIONAL STANDARD BOOK NUMBER
International Standard Book Number 0-7131-8268-7
040 ## - CATALOGING SOURCE
Transcribing agency LIBRARY OF CONGRESS
050 ## - LIBRARY OF CONGRESS CALL NUMBER
Classification number PE 1128 .L681986 C.1
100 ## - MAIN ENTRY--PERSONAL NAME
Personal name LOTT, BERNARD
245 #0 - TITLE STATEMENT
Title A COURSE IN ENGLISH LANGUAGE AND LITERATURE
260 ## - PUBLICATION, DISTRIBUTION, ETC.
Place of publication, distribution, etc. AUSTRALIA
Name of publisher, distributor, etc. EDWARD ARNOLD PTY LTD
Date of publication, distribution, etc. 1986
300 ## - PHYSICAL DESCRIPTION
Extent VIII,175P.
500 ## - GENERAL NOTE
General note INCLUDES INDEX
600 ## - SUBJECT ADDED ENTRY--PERSONAL NAME
Personal name 1. ENGLISH LITERATURE--STUDY AND TEACHING 2. ENGLISH LANGUAGE--RHETORIC
942 ## - ADDED ENTRY ELEMENTS (KOHA)
Koha item type Long Loan Book
Source of classification or shelving scheme Library of Congress Classification
Suppress in OPAC No

No items available.